[Event "Mulhouse Lallemand Memorial op"]
[Site "Mulhouse"]
[Date "2024.06.23"]
[Round "6"]
[White "Nicoara, Malina"]
[Black "Konate, Salma"]
[Result "1/2-1/2"]
[WhiteElo "2042"]
[BlackElo "1898"]
[PlyCount "119"]
[EventDate "2024.06.22"]
[EventType "swiss (rapid)"]
[EventRounds "9"]
[EventCountry "FRA"]
[SourceTitle "CBM 220 Extra"]
[Source "ChessBase"]
[SourceDate "2024.07.31"]
[SourceVersion "1"]
[SourceVersionDate "2024.07.31"]
[SourceQuality "1"]

1. d4 d5 2. c4 c6 3. Nf3 Nf6 4. Nc3 e6 5. Bf4 Bd6 6. Bxd6 Qxd6 7. e3 Nbd7 8. Qc2 0-0 9. h3 e5 10. cxd5 cxd5 11. dxe5 Nxe5 12. Nd4 a6 13. a4 Be6 14. Be2 Rac8 15. 0-0 Qb4 16. Qd2 Nc4 17. Bxc4 Rxc4 18. Ra3 Ne4 19. Nxe4 dxe4 20. Qxb4 Rxb4 21. Nxe6 fxe6 22. Ra2 Rd8 23. Rc1 Rd7 24. Rc5 Kf7 25. Kh2 Rd2 26. Kg3 Kf6 27. f4 exf3 28. gxf3 Rbxb2 29. Rxb2 Rxb2 30. Rc4 e5 31. h4 Rb3 32. Kf2 h5 33. Ke2 Kf5 34. Kd2 g5 35. hxg5 Kxg5 36. Re4 Kf6 37. Rh4 Ra3 38. Ke2 Kg5 39. Re4 Kf6 40. Kf2 b5 41. axb5 axb5 42. Rb4 Ra5 43. Kg3 Kg5 44. Re4 Kf6 45. Kh3 Ra2 46. Rb4 Ra3 47. Rxb5 Rxe3 48. Kg3 Kf5 49. Rb4 Re1 50. Rh4 Kg5 51. Rh2 Rg1+ 52. Kf2 Ra1 53. Ke3 Ra3+ 54. Ke4 Ra5 55. Rg2+ Kf6 56. Rg8 Ra4+ 57. Ke3 Ra3+ 58. Ke4 Ra4+ 59. Ke3 Ra3+ 60. Ke4 1/2-1/2

[Event "Mulhouse Lallemand Memorial op"]
[Site "Mulhouse"]
[Date "2024.06.22"]
[Round "5"]
[White "Konate, Salma"]
[Black "Forestier, Carole"]
[Result "0-1"]
[WhiteElo "1898"]
[BlackElo "2001"]
[PlyCount "60"]
[EventDate "2024.06.22"]
[EventType "swiss (rapid)"]
[EventRounds "9"]
[EventCountry "FRA"]
[SourceTitle "CBM 220 Extra"]
[Source "ChessBase"]
[SourceDate "2024.07.31"]
[SourceVersion "1"]
[SourceVersionDate "2024.07.31"]
[SourceQuality "1"]

1. e4 e6 2. d4 d5 3. e5 c5 4. c3 Qb6 5. Nf3 Nc6 6. a3 Bd7 7. b4 cxd4 8. cxd4 Rc8 9. Be3 Nh6 10. Bd3 Ng4 11. 0-0 Be7 12. h3 Nxe3 13. fxe3 0-0 14. Qe1 f5 15. exf6 Bxf6 16. Ra2 e5 17. Nc3 Be6 18. Nxe5 Nxe5 19. dxe5 Bxe5 20. Rxf8+ Rxf8 21. Na4 Qd8 22. Nc5 Bc8 23. Rf2 b6 24. Rxf8+ Qxf8 25. Qh4 bxc5 26. Bxh7+ Kf7 27. Qh5+ Ke6 28. Qg6+ Bf6 29. e4 Ke7 30. exd5 Bd4+ 0-1

[Event "FRA-ch U18"]
[Site "Agen"]
[Date "2021.10.31"]
[Round "9"]
[White "Diez, Ambre"]
[Black "Konate, Salma"]
[Result "1-0"]
[WhiteElo "1862"]
[BlackElo "1783"]
[PlyCount "65"]
[EventDate "2021.10.22"]
[EventType "swiss"]
[EventRounds "9"]
[EventCountry "FRA"]
[SourceTitle "EXT 2023"]
[Source "ChessBase"]
[SourceDate "2022.10.05"]
[SourceVersion "1"]
[SourceVersionDate "2022.10.05"]
[SourceQuality "1"]

1. Nf3 d5 2. g3 g6 3. Bg2 Bg7 4. d3 e5 5. 0-0 Nc6 6. Nbd2 f5 7. e4 Nf6 8. exd5 Nxd5 9. Nc4 0-0 10. Re1 Re8 11. a4 a6 12. Bg5 Qd7 13. Qd2 Rb8 14. Bh6 Bf6 15. a5 b5 16. axb6 cxb6 17. d4 e4 18. Nfe5 Nxe5 19. dxe5 Be7 20. Red1 Rd8 21. Nd6 Bb7 22. Bg5 Qe6 23. Nxb7 Rxb7 24. Bxe7 Rxe7 25. c4 Qxe5 26. cxd5 Red7 27. Qc2 Rxd5 28. Rxd5 Rxd5 29. Rxa6 Qd4 30. Bf1 Rc5 31. Qb3+ Qd5 32. Qxd5+ Rxd5 33. Bc4 1-0

[Event "FRA-ch U16 Girls"]
[Site "Hyeres"]
[Date "2019.04.21"]
[Round "9"]
[White "Konate, Salma"]
[Black "Diez, Ambre"]
[Result "1/2-1/2"]
[WhiteElo "1695"]
[BlackElo "1775"]
[PlyCount "73"]
[EventDate "2019.04.14"]
[EventType "swiss"]
[EventRounds "9"]
[EventCountry "FRA"]
[SourceTitle "CBM 190 Extra"]
[Source "ChessBase"]
[SourceDate "2019.07.15"]
[SourceVersion "1"]
[SourceVersionDate "2019.07.15"]
[SourceQuality "1"]

1. e4 e5 2. Bc4 Nf6 3. d3 Bc5 4. Nf3 Nc6 5. c3 d6 6. Bb3 a6 7. Be3 Ba7 8. Bc2 h6 9. h3 Be6 10. d4 exd4 11. Nxd4 Nxd4 12. cxd4 Qe7 13. Nc3 Rd8 14. 0-0 0-0 15. Qd3 c6 16. f4 Nh7 17. f5 Bc8 18. Bxh6 Qh4 19. Be3 Bb8 20. Rf4 Qf6 21. Rg4 Kh8 22. h4 Qe7 23. Rf1 f6 24. Rf3 d5 25. exd5 cxd5 26. Bb3 Qf7 27. Bf4 Qh5 28. Rgg3 Bxf5 29. Qd2 Be4 30. Rf2 Ba7 31. Be3 Rfe8 32. Ne2 Bb8 33. Bf4 Ba7 34. Be3 Bb8 35. Bf4 Ba7 36. Be3 Bb8 37. Bf4 1/2-1/2